Telecommunications in Germany : An economic perspective
Αποθηκεύτηκε σε:
| Κύριος συγγραφέας: | |
|---|---|
| Άλλοι συγγραφείς: | |
| Μορφή: | Βιβλίο |
| Γλώσσα: | English |
| Δημοσίευση: |
New York :
Springer - Verlag,
1990
|
| Θέματα: | |
| Ετικέτες: |
Προσθήκη ετικέτας
Δεν υπάρχουν, Καταχωρήστε ετικέτα πρώτοι!
|
MARC
| LEADER | 00000nam a2200000 i 4500 | ||
|---|---|---|---|
| 001 | 1/32202 | ||
| 008 | 960823s1990 eng d | ||
| 020 | |a 3-540-52360-X | ||
| 035 | |l 10023716 | ||
| 040 | |a GR-MY-UA |b gre |e aacr | ||
| 041 | 0 | |a eng | |
| 082 | 0 | |a 621.382 | |
| 100 | 1 | |a Pfeiffer, Gunter. | |
| 245 | 1 | 0 | |a Telecommunications in Germany : |b An economic perspective / |c Gunter Pfeiffer, Bernhard Wieland |
| 260 | |a New York : |b Springer - Verlag, |c 1990 | ||
| 300 | |a 198 p. | ||
| 500 | |a Include bibliography | ||
| 650 | 0 | 0 | |a Telecommunication. |
| 700 | 1 | |a Wieland, Bernhard. | |
| 852 | |a INST |b CHIOS |e 19960823 |h 621.382 PFE |p 005200001983 |q 005200001983 |t BK |y 0 | ||
| 909 | |a Χ |b 031226 | ||